000 00732nam a22002057a 4500
005 20160907154855.0
010 _a1516EN07 ENG-115958
020 _a9780143421047
_c399.00
035 _aB-606202-223
035 _aEN-99490
037 _adpl
_bBlueberry/Ven
082 _a881
100 _aDas, Kamala
245 _aSelected poems/
_cby Kamala Das
260 _aGurgaon
_bPenguin Group
_c2014
270 _a7th Floor, Infinity Tower C, DLF Cyber City
_bGurgaon
_e122002, Haryana, India
300 _a223p.
_c19cm(pbk)
942 _2ddc
_cEN
_h881
_mDAS
999 _c103099
_d103099